000 00777 a2200229 4500
010 _aTML-30197
020 _c90.00
035 _aTM-28433
037 _bD.B.Act / pub /
082 _a894.8113
090 _c100
_d100
100 _aKodai Sivakannan
245 _aChithirakuptar kooriya chindanaik kadaigal
_cKoodai Sivakannan
246 _aசித்திரகுப்த்ர் கூறிய சிந்தனைக் கதைகள்
250 _a1st ed
260 _aChennai
_bMuthu Nilayam
_c2006
270 _a52, Ammaiappan st, Royapettah
_bChennai
_e600014
300 _a288p
_c18cm
650 _aTamil Literature
_xFiction
942 _cTM
_k894.8113 / KOD
999 _c100
_d100